MARC details
| 000 -CABECERA |
| campo de control de longitud fija |
04997nam a2200457 i 4500 |
| 001 - NÚMERO DE CONTROL |
| campo de control |
000028601 |
| 003 - IDENTIFICADOR DEL NÚMERO DE CONTROL |
| campo de control |
DO-SdBNP |
| 005 - FECHA Y HORA DE LA ÚLTIMA TRANSACCIÓN |
| campo de control |
20250501120733.0 |
| 007 - CAMPO FIJO DE DESCRIPCIÓN FÍSICA--INFORMACIÓN GENERAL |
| campo de control de longitud fija |
ta |
| 008 - DATOS DE LONGITUD FIJA--INFORMACIÓN GENERAL |
| campo de control de longitud fija |
110411t2010 dr ac 001 0 spa d |
| 020 ## - NÚMERO INTERNACIONAL ESTÁNDAR DEL LIBRO |
| Número Internacional Estándar del Libro |
9789945074048 |
| 040 ## - FUENTE DE LA CATALOGACIÓN |
| Centro catalogador/agencia de origen |
DO-SdBNP |
| Lengua de catalogación |
spa |
| Centro/agencia transcriptor |
BNPHU |
| Normas de descripción |
rda |
| 049 ## - FONDOS LOCALES (OCLC) |
| Fondos de biblioteca |
BNPD |
| 082 #4 - NÚMERO DE LA CLASIFICACIÓN DECIMAL DEWEY |
| Número de clasificación |
868.44 |
| Número de documento/Ítem |
G158j |
| Número de edición |
22 |
| 100 1# - ENTRADA PRINCIPAL--NOMBRE DE PERSONA |
| Nombre de persona |
Galíndez, Jesús de, |
| Fechas asociadas al nombre |
1915-1956 |
| 9 (RLIN) |
83901 |
| Término indicativo de función/relación |
autor |
| 245 10 - MENCIÓN DE TÍTULO |
| Título |
Jesús de Galíndez : |
| Resto del título |
escritos desde Santo Domingo y artículos contra el régimen de Trujillo en el exterior / |
| Mención de responsabilidad, etc. |
Jesús de Galíndez ; compilador, Constancio Cassá Bernaldo de Quirós. |
| 264 #4 - PRODUCCIÓN, PUBLICACIÓN, DISTRIBUCIÓN, FABRICACIÓN Y COPYRIGHT |
| Producción, publicación, distribución, fabricación y copyright |
Santo Domingo : |
| Nombre del de productor, editor, distribuidor, fabricante |
Comisión Permanente de Efemérides Patrias : |
| -- |
Archivo General de la Nación, |
| Fecha de producción, publicación, distribución, fabricación o copyright |
©2010. |
| 300 ## - DESCRIPCIÓN FÍSICA |
| Extensión |
461 páginas : |
| Otras características físicas |
ilustraciones, retratos ; |
| Dimensiones |
23 cm. |
| 336 ## - TIPO DE CONTENIDO |
| Fuente |
rdacontent |
| Término de tipo de contenido |
texto |
| Código de tipo de contenido |
txt |
| 337 ## - TIPO DE MEDIO |
| Fuente |
rdamedia |
| Nombre/término del tipo de medio |
sin mediación |
| Código del tipo de medio |
n |
| 338 ## - TIPO DE SOPORTE |
| Fuente |
rdacarrier |
| Nombre/término del tipo de soporte |
volumen |
| Código del tipo de soporte |
nc |
| 490 ## - MENCIÓN DE SERIE |
| Mención de serie |
Archivo General de la Nación |
| Designación de volumen o secuencia |
111 |
| 500 ## - NOTA GENERAL |
| Nota general |
Incluye índice de artículos publicados por Galíndez en publicaciones de la época. |
| 500 ## - NOTA GENERAL |
| Nota general |
Incluye índice onomástico y cronológico. |
| 500 ## - NOTA GENERAL |
| Nota general |
Incluye datos biográficos del compilador en la solapa de la contracubierta. |
| 504 ## - NOTA DE BIBLIOGRAFÍA, ETC. |
| Nota de bibliografía, etc. |
Bibliografía : p. 445-446. |
| 505 0# - NOTA DE CONTENIDO CON FORMATO |
| Nota de contenido con formato |
Presentación de los libros del 70º aniversario del exilio español -- |
| Título |
Vida y obra de Jesús de Galíndez Suárez / |
| Mención de responsabilidad |
Constancio Cassá Bernaldo de Quirós -- |
| Información miscelánea |
La guerra : |
| Título |
Navidades sangrientas -- |
| -- |
El coro de cosacos del Don, en Ciudad Trujillo. La canción del desterrado -- |
| -- |
El pelotari que murió de amor -- |
| -- |
Fusilamiento al amanecer -- |
| -- |
Aviones sobre Madrid -- |
| -- |
¡Gernika! En el quinto aniversario de su masacre por la aviación germana -- |
| -- |
Ha muerto un marino -- |
| -- |
La jira cultural del presidente Aguirre -- |
| -- |
Tragedia de amor -- |
| -- |
La quinta columna se bautizó en Madrid. Anécdotas y comentarios de una nueva especie jurídica -- |
| Información miscelánea |
Temas antitrujillistas : |
| Título |
Desde Nueva York Jesús de Galíndez define su actitud -- |
| -- |
Carta de Galíndez sobre artículo referente a Gugú -- |
| -- |
Un reportaje sobre Santo Domingo -- |
| -- |
¡Gugú! -- |
| Información miscelánea |
El derecho : |
| Título |
Publicación e interpretación de la leyes 129 -- |
| -- |
Los problemas actuales del matrimonio y el divorcio ante los conflictos de leyes -- |
| -- |
El derecho agrario. Nueva rama que se desgaja del derecho civil -- |
| -- |
La Liga de Naciones Americanas. El proyecto de Trujillo y la conferencia de Bogotá -- |
| -- |
Soberanía y libertad. Dos añejos conceptos absolutos que se relativizan -- |
| -- |
El panamericanismo de Bolívar. La Doctrina de Monroe y el Congreso de Panamá -- |
| -- |
Notable caso de divorcio. De un francés y una colombiana, casados canónicamente en Bogotá y recién divorciados en Ciudad Trujillo -- |
| -- |
Insistiendo sobre el divorcio. Sentencia de apelación que divorcia a un alemán y una haitiana -- |
| -- |
Repercusiones de un divorcio. La Academia de Jurisprudencia de Colombia informa sobre un caso anteriormente tratado -- |
| -- |
El quintaculumnismo y las reuniones de cancilleres americano -- |
| -- |
El método en los estudios universitarios -- |
| -- |
El divorcio de extranjeros en la República Dominicana -- |
| -- |
De legislación obrera. La nueva ley de salario mínimo -- |
| -- |
De legislación obrera. La ley de vacaciones -- |
| 505 0# - NOTA DE CONTENIDO CON FORMATO |
| Nota de contenido con formato |
Relatos y cuentos-- |
| Título |
El cementerio de Pere Lachaise. La ciudad Jardín de los que fueron, en el bullicio del París actual -- |
| -- |
Bordeando el lago Enriquillo -- |
| -- |
Río Ozama, aguas arriba -- |
| -- |
Cuando la luna riela en Samaná -- |
| -- |
El martes comenzaron las clases -- |
| -- |
Cinco Leyendas del Trópico : |
| -- |
El Bahoruco. Leyenda del Lago Enriquillo -- |
| -- |
Tormenta en Haina. Leyenda de las ruinas de Engombe -- |
| -- |
Beltza, pirata y enamorado. Leyenda de la bahía de Samaná |
| -- |
El precipicio maldito. Leyenda del salto de Jimenoa -- |
| -- |
Tambores en la manigua. Leyenda del río Ozama -- |
| -- |
Blak-out en la avenida -- |
| -- |
El ciclón que no vino -- |
| -- |
Visión fugitiva -- |
| -- |
Amanecer en Sans Souci -- |
| -- |
Reseñas a Obras : |
| -- |
Las sociedades comerciales en la República Dominicana, de Antonio Tellado -- |
| -- |
La audiencia de Santo domingo. El libro del profesor Malagón y la investigación nacional -- |
| -- |
Temas Vascos : |
| -- |
Iparraguirre, el bardo romántico -- |
| -- |
Los vascos en la República Dominicana -- |
| -- |
El Irrintzi vasco en la noche tropical -- |
| -- |
Los vascos en la audiencia de Santo Domingo -- |
| Información miscelánea |
Índice de artículos publicados -- |
| -- |
Índice cronológico -- |
| -- |
Bibliografía general. |
| 590 ## - NOTA LOCAL (RLIN) |
| Nota local |
Inventariado, 2024/BT |
| 650 #4 - PUNTO DE ACCESO ADICIONAL DE MATERIA--TÉRMINO DE MATERIA |
| Término de materia o nombre geográfico como elemento de entrada |
Ensayos españoles |
| 9 (RLIN) |
3095 |
| 650 #4 - PUNTO DE ACCESO ADICIONAL DE MATERIA--TÉRMINO DE MATERIA |
| Término de materia o nombre geográfico como elemento de entrada |
Cuentos españoles |
| 9 (RLIN) |
3194 |
| 650 #4 - PUNTO DE ACCESO ADICIONAL DE MATERIA--TÉRMINO DE MATERIA |
| Término de materia o nombre geográfico como elemento de entrada |
Literatura española |
| 9 (RLIN) |
632 |
| 650 #4 - PUNTO DE ACCESO ADICIONAL DE MATERIA--TÉRMINO DE MATERIA |
| Término de materia o nombre geográfico como elemento de entrada |
Derecho |
| Subdivisión general |
Ensayos, conferencias, etc. |
| 9 (RLIN) |
5703 |
| 650 #4 - PUNTO DE ACCESO ADICIONAL DE MATERIA--TÉRMINO DE MATERIA |
| Término de materia o nombre geográfico como elemento de entrada |
Resistencia civil |
| Subdivisión general |
Ensayos, conferencias, etc. |
| 9 (RLIN) |
55553 |
| 650 #4 - PUNTO DE ACCESO ADICIONAL DE MATERIA--TÉRMINO DE MATERIA |
| Término de materia o nombre geográfico como elemento de entrada |
Refugiados políticos españoles |
| Subdivisión general |
Ensayos, conferencias, etc. |
| 9 (RLIN) |
55554 |
| 650 #4 - PUNTO DE ACCESO ADICIONAL DE MATERIA--TÉRMINO DE MATERIA |
| Término de materia o nombre geográfico como elemento de entrada |
Vascos en república dominicana |
| Subdivisión general |
Ensayos, conferencias, etc. |
| 9 (RLIN) |
55555 |
| 650 #0 - PUNTO DE ACCESO ADICIONAL DE MATERIA--TÉRMINO DE MATERIA |
| Término de materia o nombre geográfico como elemento de entrada |
Demografía |
| 9 (RLIN) |
45443 |
| 700 1# - PUNTO DE ACCESO ADICIONAL--NOMBRE DE PERSONA |
| Nombre de persona |
Cassá Bernaldo de Quirós, Constancio, |
| Fechas asociadas al nombre |
1953-, |
| Término indicativo de función/relación |
compilador |
| 9 (RLIN) |
5204 |
| 910 ## - DATOS DE OPCIÓN DEL USUARIO (OCLC) |
| Datos de opción del usuario |
Validado. Control de calidad EMS. |
| 942 ## - ELEMENTOS DE PUNTO DE ACCESO ADICIONAL (KOHA) |
| Fuente del sistema de clasificación o colocación |
Dewey Decimal Classification |
| Tipo de ítem Koha |
Libro |